| 000 | 00561nam a2200181 4500 | ||
|---|---|---|---|
| 999 |
_c16719 _d16719 |
||
| 008 | 220311b ||||| |||| 00| 0 eng d | ||
| 020 | _a9781260566512 | ||
| 082 |
_22020 _aDC 792 _bW691 |
||
| 100 |
_aWilson, Edwin. _944628 |
||
| 245 |
_aThe theatre experience / _cEdwin Wilson. |
||
| 250 | _a14th edition. | ||
| 260 |
_aNew York : _bMcGraw Hill LLC, _c©2020. |
||
| 300 |
_axxii, 346 pages : _bcolor illustrations ; _c25 cm. |
||
| 500 | _aIncludes glossary ang index. | ||
| 650 |
_aTheater. _944695 |
||
| 650 |
_aTheater _xHistory. _944696 |
||
| 942 |
_2ddc _cDC |
||